[Event "CYCC U12"]
[Site "Ottawa CAN"]
[Date "2013.07.12"]
[Round "6"]
[White "Jing, Ryan"]
[Black "Ju, Terrence"]
[Result "0-1"]
[WhiteElo "869"]
[BlackElo "1374"]
[PlyCount "114"]
[GameId "2160767909326455"]
[EventDate "2013.07.10"]
[EventType "swiss"]
[EventRounds "6"]
[EventCountry "CAN"]
[SourceTitle "hb 2013"]

1. e4 c5 2. Nf3 Nc6 3. Bc4 d6 4. Nc3 Nf6 5. d3 g6 6. h3 Bg7 7. Qe2 Qa5 8. Bd2 Qb6 9. Na4 Qc7 10. Nc3 a6 11. a3 O-O 12. O-O Re8 13. Ng5 e6 14. Rfe1 Bd7 15. f4 d5 16. Bb3 b5 17. Qf2 Rab8 18. e5 d4 19. Ne2 Nd5 20. Ba2 Bf8 21. c3 dxc3 22. Nxc3 Nxc3 23. Bxc3 Nd4 24. Rac1 Qa7 25. Re4 Bc6 26. Ree1 Ba8 27. Bxd4 cxd4 28. Rc2 b4 29. axb4 Bxb4 30. Rec1 Ba5 31. Rc5 Bb6 32. R5c4 Qd7 33. Bb3 Qe7 34. Kh2 Rf8 35. h4 Bd5 36. Qe2 Bxc4 37. Bxc4 Rbc8 38. h5 Kg7 39. g4 Ba5 40. f5 Qxg5 41. f6+ Kh6 42. Rh1 Qe3 43. Qf1 Kg5 44. Kg2 Qd2+ 45. Kg1 Qe3+ 46. Kg2 Qf4 47. Qa1 Rb8 48. b3 Bc3 49. Qxa6 Ra8 50. Rf1 Qxg4+ 51. Kh1 Rxa6 52. Rg1 Ra1 53. Rxa1 Bxa1 54. b4 Bc3 55. b5 Be1 56. Bb3 Bf2 57. Bd1 Qg1# 0-1

[Event "CYCC U12"]
[Site "Ottawa CAN"]
[Date "2013.07.12"]
[Round "6"]
[White "Liu, Ryan"]
[Black "Cheung, Damien"]
[Result "1-0"]
[WhiteElo "1065"]
[BlackElo "1021"]
[PlyCount "45"]
[GameId "2160767909326457"]
[EventDate "2013.07.10"]
[EventType "swiss"]
[EventRounds "6"]
[EventCountry "CAN"]
[SourceTitle "hb 2013"]

1. d4 d5 2. Nf3 Nf6 3. e3 e6 4. Bd3 c5 5. c3 Nc6 6. Nbd2 Bd6 7. O-O O-O 8. Qe2 Qc7 9. e4 dxe4 10. Nxe4 Nxe4 11. Qxe4 f5 12. Qe2 cxd4 13. cxd4 e5 14. dxe5 Bxe5 15. Nxe5 Nxe5 16. Bf4 Re8 17. Rfe1 Qd6 18. Rad1 Nf3+ 19. Qxf3 Rxe1+ 20. Rxe1 Qg6 21. Qd5+ Be6 22. Qxe6+ Qf7 23. Bc4 1-0

[Event "CYCC U12"]
[Site "Ottawa CAN"]
[Date "2013.07.12"]
[Round "6"]
[White "Oas, Brandon"]
[Black "Boushy, Declan Paul"]
[Result "0-1"]
[WhiteElo "1028"]
[BlackElo "1029"]
[PlyCount "37"]
[GameId "2160767909326458"]
[EventDate "2013.07.10"]
[EventType "swiss"]
[EventRounds "6"]
[EventCountry "CAN"]
[SourceTitle "hb 2013"]

1. e4 d6 2. Nc3 Nf6 3. Bc4 e6 4. Nf3 Nc6 5. O-O Be7 6. d4 O-O 7. Qe2 a6 8. d5 Na7 9. dxe6 Bxe6 10. Bxe6 fxe6 11. Qc4 d5 12. exd5 exd5 13. Nxd5 Nxd5 14. Qd4 Qd6 15. b3 c6 16. Qd3 Nf4 17. Qc3 Qd5 18. Bb2 Rf7 19. Rfe1 0-1

[Event "CYCC U12"]
[Site "Ottawa CAN"]
[Date "2013.07.12"]
[Round "6"]
[White "Oyama, Kenro"]
[Black "Liang, Hairan"]
[Result "0-1"]
[WhiteElo "1219"]
[BlackElo "1016"]
[PlyCount "94"]
[GameId "2160767909326459"]
[EventDate "2013.07.10"]
[EventType "swiss"]
[EventRounds "6"]
[EventCountry "CAN"]
[SourceTitle "hb 2013"]

1. e4 e5 2. Nf3 Nc6 3. Nc3 Nf6 4. d3 h6 5. a3 d6 6. d4 exd4 7. Nxd4 Be7 8. Nxc6 bxc6 9. h3 O-O 10. Qd3 Nh7 11. Bf4 Bg5 12. Bxg5 Qxg5 13. Qg3 f5 14. Qxg5 Nxg5 15. f3 Re8 16. O-O-O fxe4 17. Re1 Bf5 18. fxe4 Nxe4 19. Bc4+ Kh8 20. Nxe4 Rxe4 21. Rxe4 Bxe4 22. Rh2 Rf8 23. Kd2 Rf2+ 24. Kc3 Rxc2+ 25. Kb3 Rxg2 26. Rxg2 Bxg2 27. Be6 Bd5+ 28. Bxd5 cxd5 29. Kc3 g5 30. Kd4 c6 31. b4 a6 32. a4 Kg7 33. a5 Kf6 34. b5 cxb5 35. Kxd5 Kf5 36. Kc6 b4 37. Kb6 b3 38. Kxa6 b2 39. Ka7 b1=Q 40. a6 Qb5 41. Ka8 Qxa6+ 42. Kb8 Qc6 43. Ka7 Qb5 44. Ka8 Ke6 45. Ka7 Kd7 46. Ka8 Kc7 47. Ka7 Qb7# 0-1

[Event "CYCC U12"]
[Site "Ottawa CAN"]
[Date "2013.07.12"]
[Round "6"]
[White "Pigeau, Nicholas"]
[Black "Novakovic, David"]
[Result "0-1"]
[WhiteElo "838"]
[BlackElo "853"]
[PlyCount "76"]
[GameId "2160767909326460"]
[EventDate "2013.07.10"]
[EventType "swiss"]
[EventRounds "6"]
[EventCountry "CAN"]
[SourceTitle "hb 2013"]

1. e4 e5 2. Nf3 Nf6 3. Nc3 Bb4 4. a3 Bxc3 5. dxc3 Nxe4 6. Nxe5 Qe7 7. Bf4 d6 8. Qe2 dxe5 9. Qxe4 exf4 10. Qxe7+ Kxe7 11. O-O-O Nc6 12. Bc4 Rd8 13. Rhe1+ Be6 14. Rxd8 Rxd8 15. Bxe6 fxe6 16. b3 e5 17. Rd1 Rxd1+ 18. Kxd1 Kf6 19. g3 g5 20. gxf4 gxf4 21. Ke2 e4 22. f3 exf3+ 23. Kxf3 Kg5 24. Ke4 Kg4 25. h4 Kg3 26. Kd3 f3 27. Kd2 Kg2 28. Ke1 f2+ 29. Kd2 f1=Q 30. Ke3 Qf6 31. h5 Qg5+ 32. Ke4 Qxh5 33. Kf4 Qf3+ 34. Kg5 Qd5+ 35. Kh4 Qf3 36. c4 Qf5 37. c5 Ne5 38. b4 Nf3# 0-1

[Event "CYCC U12"]
[Site "Ottawa CAN"]
[Date "2013.07.12"]
[Round "6"]
[White "Shamroni, Dennis"]
[Black "Butchart, Brian"]
[Result "1-0"]
[WhiteElo "1489"]
[BlackElo "809"]
[PlyCount "73"]
[GameId "2160767909326461"]
[EventDate "2013.07.10"]
[EventType "swiss"]
[EventRounds "6"]
[EventCountry "CAN"]
[SourceTitle "hb 2013"]

1. e4 c5 2. d4 cxd4 3. Nf3 e6 4. Nxd4 a6 5. c4 Nf6 6. Nc3 Qc7 7. Be2 Be7 8. O-O O-O 9. Kh1 d6 10. f4 Nbd7 11. Nb3 b6 12. Be3 Bb7 13. Bd3 Rac8 14. Qf3 Rfe8 15. Qh3 Red8 16. Rac1 Qb8 17. Nd2 Re8 18. Nf3 Bd8 19. g4 Rf8 20. Kg1 Bc7 21. Ng5 h6 22. Nf3 Rcd8 23. g5 Nh7 24. gxh6 g6 25. Qg3 Rfe8 26. Nh4 Kh8 27. Kf2 Rf8 28. Rg1 Rg8 29. Nf3 Rde8 30. Ng5 Nxg5 31. Qxg5 Kh7 32. f5 exf5 33. exf5 Re5 34. Bd4 Ree8 35. fxg6+ fxg6 36. Bxg6+ Rxg6 37. Qxg6# 1-0

[Event "CYCC U12"]
[Site "Ottawa CAN"]
[Date "2013.07.12"]
[Round "6"]
[White "Xu, Jeffrey"]
[Black "Tolentino, Andre Angelo"]
[Result "1-0"]
[WhiteElo "1862"]
[BlackElo "1309"]
[PlyCount "63"]
[GameId "2160767909326465"]
[EventDate "2013.07.10"]
[EventType "swiss"]
[EventRounds "6"]
[EventCountry "CAN"]
[SourceTitle "EXT 2022"]
[Source "ChessBase"]
[SourceDate "2021.10.06"]
[SourceVersion "1"]
[SourceVersionDate "2021.10.06"]
[SourceQuality "1"]

1. e4 e6 2. d4 d5 3. e5 c5 4. c3 Nc6 5. Nf3 Qb6 6. a3 Nge7 7. b4 cxd4 8. cxd4 Nf5 9. Be3 Nxe3 10. fxe3 Bd7 11. Bd3 Be7 12. O-O O-O 13. Nc3 Rac8 14. Na4 Qd8 15. Nc5 b6 16. Nxd7 Qxd7 17. Rc1 f6 18. Bb5 Qb7 19. Qa4 Nb8 20. Qb3 a6 21. Bd3 b5 22. Bb1 Nd7 23. exf6 Nxf6 24. Ng5 Qd7 25. Rxc8 Rxc8 26. Qd3 g6 27. h4 Nh5 28. Nxh7 Ng7 29. Qxg6 Bxh4 30. g3 Be7 31. Rf7 Rc1+ 32. Kg2 1-0

[Event "CYCC U12"]
[Site "Ottawa CAN"]
[Date "2013.07.12"]
[Round "6"]
[White "Yie, Kevin Yi Xiao"]
[Black "Cai, Jason"]
[Result "1/2-1/2"]
[WhiteElo "1577"]
[BlackElo "1778"]
[PlyCount "71"]
[GameId "2160767909326466"]
[EventDate "2013.07.10"]
[EventType "swiss"]
[EventRounds "6"]
[EventCountry "CAN"]
[SourceTitle "EXT 2022"]
[Source "ChessBase"]
[SourceDate "2021.10.06"]
[SourceVersion "1"]
[SourceVersionDate "2021.10.06"]
[SourceQuality "1"]

1. d4 Nf6 2. Bf4 e6 3. e3 c5 4. c3 Nc6 5. Nd2 Be7 6. h3 d5 7. Ngf3 O-O 8. Bd3 b6 9. O-O Bb7 10. Ne5 Rc8 11. Ndf3 Nd7 12. Nxd7 Qxd7 13. Ne5 Nxe5 14. Bxe5 Bd6 15. Bxd6 Qxd6 16. f4 f5 17. Qf3 Rc7 18. Rae1 c4 19. Bc2 b5 20. a3 a5 21. g4 g6 22. g5 Rb8 23. Ra1 Bc8 24. Rfb1 Bd7 25. Bd1 Rcb7 26. Qf1 b4 27. axb4 axb4 28. Bc2 Rb6 29. Kh2 Be8 30. Qe1 Bf7 31. Qg1 Kg7 32. Kg2 Ra6 33. Rxa6 Qxa6 34. Ra1 Qb6 35. Kf3 Qd6 36. Qe1 1/2-1/2

[Event "CYCC U12"]
[Site "Ottawa CAN"]
[Date "2013.07.12"]
[Round "6"]
[White "Zhang, Zhehai"]
[Black "Sawant, Digvijay"]
[Result "1-0"]
[WhiteElo "1498"]
[BlackElo "1100"]
[PlyCount "160"]
[GameId "2160767909326468"]
[EventDate "2013.07.10"]
[EventType "swiss"]
[EventRounds "6"]
[EventCountry "CAN"]
[SourceTitle "hb 2013"]

1. e4 e5 2. Nf3 Nc6 3. Bc4 Nd4 4. d3 d6 5. c3 Nxf3+ 6. Qxf3 Nf6 7. h3 c6 8. Bb3 Be7 9. Nd2 b6 10. Nf1 Bb7 11. Ng3 d5 12. Nf5 Rg8 13. O-O dxe4 14. dxe4 c5 15. Ba4+ Kf8 16. Rd1 Qc7 17. Bc2 Qc6 18. Re1 Bc8 19. g4 Bxf5 20. Qxf5 Qe6 21. Qf3 Rh8 22. Be3 h6 23. Qg2 g5 24. Qf1 Qc6 25. f3 Nd7 26. Bb3 Qf6 27. Kg2 Kg7 28. Bd5 Rag8 29. Qa6 Nf8 30. Qxa7 Ne6 31. Rf1 h5 32. Qa6 Qh6 33. Rh1 Qf6 34. Raf1 Nc7 35. Qe2 Nxd5 36. exd5 Ra8 37. a3 Qd6 38. Rd1 hxg4 39. fxg4 f6 40. Qf3 Bd8 41. Ra1 Bc7 42. Bf2 Rae8 43. Qe4 Rd8 44. Rhd1 Rd7 45. b4 Qe7 46. bxc5 bxc5 47. Rdb1 Ba5 48. c4 Bc3 49. Ra2 Bd4 50. Rb5 Rc7 51. a4 Ra8 52. a5 Qd8 53. Qb1 Rca7 54. Rb7+ Rxb7 55. Qxb7+ Kf8 56. a6 Qb8 57. Qc6 Qd8 58. a7 Qe8 59. Qxf6+ Qf7 60. Qh6+ Qg7 61. Qxg7+ Kxg7 62. Be1 Kf6 63. Ra6+ Kf7 64. Kf3 Ke7 65. Ke4 Kd7 66. Bg3 Kc7 67. Bxe5+ Bxe5 68. Kxe5 Kb7 69. Ra3 Re8+ 70. Kf5 Ka8 71. Kxg5 Rg8+ 72. Kf5 Rf8+ 73. Ke5 Re8+ 74. Kd6 Rd8+ 75. Kxc5 Rc8+ 76. Kb4 Rc7 77. c5 Rd7 78. d6 Rf7 79. c6 Rc7 80. d7 Rxa7 1-0

[Event "CYCC U12"]
[Site "Ottawa CAN"]
[Date "2013.07.12"]
[Round "6"]
[White "Zotkin, Daniel"]
[Black "Wan, Kevin"]
[Result "1/2-1/2"]
[WhiteElo "1942"]
[BlackElo "2148"]
[PlyCount "46"]
[GameId "2160767909326470"]
[EventDate "2013.07.10"]
[EventType "swiss"]
[EventRounds "6"]
[EventCountry "CAN"]
[SourceTitle "hb 2013"]

1. e4 e6 2. d4 d5 3. Nc3 Bb4 4. exd5 exd5 5. Bd3 Nf6 6. Qf3 Be6 7. Nge2 Nc6 8. h3 Qd7 9. O-O h6 10. a3 Bd6 11. Nb5 Be7 12. Bf4 Bd8 13. Bh2 a6 14. Nbc3 O-O 15. Nd1 Ne8 16. Ne3 Bf6 17. c3 g6 18. Nf4 Ne7 19. Nxe6 Qxe6 20. Rfe1 h5 21. Nf5 Qd7 22. Nxe7+ Bxe7 23. Re5 c6 1/2-1/2

[Event "CYCC U12 w"]
[Site "Ottawa CAN"]
[Date "2013.07.10"]
[Round "1"]
[White "Ellwood, Sophie"]
[Black "Kaneshalingam, Mathanhe"]
[Result "0-1"]
[WhiteElo "977"]
[BlackElo "1481"]
[PlyCount "143"]
[GameId "2160767909326471"]
[EventDate "2013.07.10"]
[EventType "swiss"]
[EventRounds "6"]
[EventCountry "CAN"]
[SourceTitle "EXT 2022"]
[Source "ChessBase"]
[SourceDate "2021.10.06"]
[SourceVersion "1"]
[SourceVersionDate "2021.10.06"]
[SourceQuality "1"]

1. e4 c5 2. Nc3 Nc6 3. g3 g6 4. Bg2 Bg7 5. d3 e5 6. f4 d6 7. Nf3 Nge7 8. O-O O-O 9. Kh1 a6 10. a4 Rb8 11. Nd5 exf4 12. Nxf4 Ne5 13. Nxe5 Bxe5 14. c3 Bg7 15. d4 Nc6 16. Ne2 Bg4 17. Bf3 Bxf3+ 18. Rxf3 Qe7 19. Rf4 Bh6 20. Rh4 Bxc1 21. Rxc1 g5 22. Rh5 Qxe4+ 23. Kg1 Qg4 24. Rh6 f6 25. h3 Qe4 26. g4 Rbe8 27. Rc2 Qe3+ 28. Kg2 Kg7 29. Rh5 Re7 30. Ng3 Kh8 31. Nf5 Qe4+ 32. Kh2 Rd7 33. Re2 Qf4+ 34. Kg2 cxd4 35. cxd4 d5 36. Qd3 Qc7 37. Qe3 Rdf7 38. Qe8 Qd8 39. Qxd8 Nxd8 40. Re7 Nc6 41. Rxf7 Rxf7 42. h4 gxh4 43. Rxh4 Rc7 44. Rh6 Rf7 45. Kf3 Nd8 46. Ke3 b6 47. Kd3 Ne6 48. b4 Nf4+ 49. Kc3 Ng6 50. a5 Rc7+ 51. Kb3 b5 52. Nd6 Rc1 53. Ne8 Rc4 54. Nxf6 Kg7 55. g5 Rxd4 56. Rxh7+ Kf8 57. Rh6 Ne7 58. g6 Kg7 59. Rh7+ Kxf6 60. Kc3 Rc4+ 61. Kb3 Nxg6 62. Ra7 Rc6 63. Kb2 Ke6 64. Kb3 d4 65. Ra8 Kd7 66. Rg8 d3 67. Rg7+ Ke8 68. Rxg6 Rxg6 69. Kc3 Rd6 70. Kd2 Kd7 71. Kd1 d2 72. Kc2 0-1

[Event "CYCC U12 w"]
[Site "Ottawa CAN"]
[Date "2013.07.10"]
[Round "1"]
[White "Lapointe, Cassie"]
[Black "Saremi, Yekta"]
[Result "0-1"]
[WhiteElo "962"]
[BlackElo "1349"]
[PlyCount "90"]
[GameId "2160767909326472"]
[EventDate "2013.07.10"]
[EventType "swiss"]
[EventRounds "6"]
[EventCountry "CAN"]
[SourceTitle "EXT 2022"]
[Source "ChessBase"]
[SourceDate "2021.10.06"]
[SourceVersion "1"]
[SourceVersionDate "2021.10.06"]
[SourceQuality "1"]

1. e4 e5 2. Nf3 Nc6 3. Nc3 Nf6 4. d4 exd4 5. Nxd4 Bb4 6. Nxc6 bxc6 7. e5 Ne4 8. Bc4 O-O 9. Bd2 Nxd2 10. Qxd2 d5 11. exd6 Re8+ 12. Be2 Ba6 13. O-O-O Rxe2 14. dxc7 Qxd2+ 15. Rxd2 Rxd2 16. Kxd2 Rc8 17. a3 Bxc3+ 18. bxc3 Rxc7 19. Re1 Rd7+ 20. Kc1 Kf8 21. g4 Re7 22. Rd1 Bb5 23. g5 a6 24. g6 fxg6 25. Kb2 Ke8 26. Ra1 Ba4 27. c4 c5 28. Kc3 Re2 29. Rb1 Rxc2+ 30. Kd3 Rxf2 31. h4 Bc2+ 32. Ke3 Bxb1 33. Kxf2 Ba2 34. Ke3 Bxc4 35. Ke4 Bf7 36. Ke5 c4 37. Kd4 h6 38. a4 g5 39. h5 g4 40. Kc5 c3 41. a5 c2 42. Kb6 c1=Q 43. Kxa6 Qc6+ 44. Ka7 Bd5 45. a6 Qc7# 0-1

[Event "CYCC U12 w"]
[Site "Ottawa CAN"]
[Date "2013.07.10"]
[Round "1"]
[White "Li, Catherine"]
[Black "Ouellet, Maili-Jade"]
[Result "0-1"]
[WhiteElo "1056"]
[BlackElo "1632"]
[PlyCount "120"]
[GameId "2160767909326473"]
[EventDate "2013.07.10"]
[EventType "swiss"]
[EventRounds "6"]
[EventCountry "CAN"]
[SourceTitle "EXT 2022"]
[Source "ChessBase"]
[SourceDate "2021.10.06"]
[SourceVersion "1"]
[SourceVersionDate "2021.10.06"]
[SourceQuality "1"]

1. e4 c5 2. Nf3 e6 3. d4 cxd4 4. Nxd4 Nf6 5. Nc3 Bb4 6. f3 d5 7. e5 Nfd7 8. Bf4 Qc7 9. Ndb5 Qc6 10. a3 Bc5 11. Qd2 a6 12. Nd6+ Bxd6 13. exd6 e5 14. Nxd5 Qxd6 15. Bg5 Qc5 16. O-O-O f6 17. Be3 Qd6 18. Qc3 Nc6 19. Nb6 Qb8 20. Nxa8 Qxa8 21. g4 b5 22. Rd6 Ne7 23. Bg2 O-O 24. h4 Ng6 25. Rh2 Qb8 26. Qb3+ Kh8 27. Qd5 Qc7 28. Qe6 Qa5 29. Bd2 Qc7 30. h5 Nf4 31. Bxf4 exf4 32. Qe7 Qd8 33. Qxd8 Rxd8 34. Bh3 Re8 35. g5 Ne5 36. Bxc8 Rxc8 37. Rhd2 Rg8 38. gxf6 gxf6 39. Rd8 Nxf3 40. Rxg8+ Kxg8 41. Rf2 Ne5 42. Rxf4 Kg7 43. Kd2 Nd7 44. Ke3 Kh6 45. Rf5 Kg7 46. Kd4 Ne5 47. Kc5 Nc4 48. b4 Nxa3 49. c3 Nc4 50. Kc6 Kf7 51. h6 Kg6 52. Rf3 Ne5+ 53. Kb6 Nxf3 54. Kxa6 f5 55. Kxb5 f4 56. Ka5 Ne5 57. b5 f3 58. b6 f2 59. b7 f1=Q 60. b8=Q Nc6+ 0-1

[Event "CYCC U12 w"]
[Site "Ottawa CAN"]
[Date "2013.07.10"]
[Round "1"]
[White "Liu, Jiaxin (Dora)"]
[Black "Gao, Catherine"]
[Result "1-0"]
[WhiteElo "1711"]
[BlackElo "1121"]
[PlyCount "107"]
[GameId "2160767909326474"]
[EventDate "2013.07.10"]
[EventType "swiss"]
[EventRounds "6"]
[EventCountry "CAN"]

1. d4 d5 2. Nf3 e6 3. e3 Nf6 4. Bd3 Bd6 5. O-O O-O 6. b3 c5 7. Bb2 b6 8. Nbd2 Bb7 9. Ne5 Qc7 10. Re1 Nc6 11. Ndf3 Nd7 12. Nxd7 Qxd7 13. dxc5 bxc5 14. Ng5 f5 15. c4 Ne5 16. Be2 Qe7 17. Nf3 Nxf3+ 18. Bxf3 Qf7 19. cxd5 exd5 20. Qd2 Rad8 21. Qe2 Qc7 22. h3 Rde8 23. Qd2 Rd8 24. Kh1 a6 25. Bxd5+ Kh8 26. Bxb7 Be5 27. Bxe5 Qxe5 28. Qe2 Qc7 29. Bxa6 Qb6 30. Bc4 Rde8 31. Qc2 Qa5 32. Rec1 Qb6 33. a4 Rf6 34. a5 Qb7 35. Be2 Rc8 36. Rd1 Rff8 37. a6 Qa7 38. Qc4 Rf7 39. Rd2 Rb8 40. Rad1 Rff8 41. Rd7 Qb6 42. a7 Rbc8 43. Qb5 Qf6 44. Bf3 c4 45. bxc4 h6 46. a8=Q Rxa8 47. Bxa8 Rxa8 48. Qd5 Ra1 49. Rxa1 Qxa1+ 50. Kh2 Qb2 51. Rd8+ Kh7 52. Qxf5+ g6 53. Rd7+ Kh8 54. Qf8# 1-0

[Event "CYCC U12 w"]
[Site "Ottawa CAN"]
[Date "2013.07.10"]
[Round "1"]
[White "Paraparan, Varshini"]
[Black "Zhou, Annika"]
[Result "1/2-1/2"]
[WhiteElo "1525"]
[BlackElo "1045"]
[PlyCount "59"]
[GameId "2160767909326475"]
[EventDate "2013.07.10"]
[EventType "swiss"]
[EventRounds "6"]
[EventCountry "CAN"]
[SourceTitle "EXT 2022"]
[Source "ChessBase"]
[SourceDate "2021.10.06"]
[SourceVersion "1"]
[SourceVersionDate "2021.10.06"]
[SourceQuality "1"]

1. e4 c5 2. c3 Nc6 3. d4 cxd4 4. cxd4 e6 5. Nc3 d6 6. Nf3 Nf6 7. Bb5 Bd7 8. O-O Be7 9. Bf4 O-O 10. a3 a6 11. Ba4 Re8 12. Qd3 e5 13. dxe5 dxe5 14. Nxe5 Nxe5 15. Bxe5 Bxa4 16. Qxd8 Raxd8 17. Nxa4 Nxe4 18. Rfe1 Nc5 19. Nxc5 Bxc5 20. Bc3 h6 21. g3 h5 22. Rac1 Ba7 23. Ba5 Rc8 24. Kf1 Rxe1+ 25. Rxe1 Rc2 26. Re2 Rxe2 27. Kxe2 Kf8 28. Bc3 g6 29. f3 Ke7 30. g4 1/2-1/2

[Event "CYCC U12 w"]
[Site "Ottawa CAN"]
[Date "2013.07.10"]
[Round "1"]
[White "Tao, Ellen"]
[Black "Zhou, Lily"]
[Result "0-1"]
[WhiteElo "1099"]
[BlackElo "1683"]
[PlyCount "78"]
[GameId "2160767909326478"]
[EventDate "2013.07.10"]
[EventType "swiss"]
[EventRounds "6"]
[EventCountry "CAN"]
[SourceTitle "EXT 2022"]
[Source "ChessBase"]
[SourceDate "2021.10.06"]
[SourceVersion "1"]
[SourceVersionDate "2021.10.06"]
[SourceQuality "1"]

1. e4 c5 2. Nf3 Nc6 3. d4 cxd4 4. Nxd4 g6 5. Nc3 Bg7 6. Be3 Nf6 7. Nxc6 bxc6 8. Bc4 d6 9. h3 O-O 10. f3 Bd7 11. Qd2 Re8 12. O-O-O Qa5 13. Bh6 Bh8 14. Qg5 Qxg5+ 15. Bxg5 Rab8 16. Bb3 c5 17. f4 Bc6 18. Rde1 Nd7 19. Rhf1 Nb6 20. g4 c4 21. f5 cxb3 22. axb3 a5 23. h4 a4 24. bxa4 Nxa4 25. Nxa4 Bxa4 26. b3 Bb5 27. Rf3 Ra8 28. Kd2 Ra2 29. h5 Rc8 30. Rc1 Bb2 31. Rb1 Ba3 32. hxg6 Raxc2+ 33. Ke1 Bb4+ 34. Bd2 Bxd2+ 35. Kd1 Bb4 36. Rc3 R8xc3 37. gxh7+ Kxh7 38. Ke1 Rc8+ 39. Kd1 Be2# 0-1

[Event "CYCC U12 w"]
[Site "Ottawa CAN"]
[Date "2013.07.10"]
[Round "1"]
[White "Vlasenko, Ksenia"]
[Black "Xu, Allyson"]
[Result "1-0"]
[WhiteElo "1421"]
[BlackElo "974"]
[PlyCount "127"]
[GameId "2160767909326479"]
[EventDate "2013.07.10"]
[EventType "swiss"]
[EventRounds "6"]
[EventCountry "CAN"]
[SourceTitle "EXT 2022"]
[Source "ChessBase"]
[SourceDate "2021.10.06"]
[SourceVersion "1"]
[SourceVersionDate "2021.10.06"]
[SourceQuality "1"]

1. e4 e5 2. Nf3 Nc6 3. Bc4 Be7 4. O-O d6 5. d3 Bg4 6. Be3 Nf6 7. Nbd2 O-O 8. Re1 d5 9. exd5 Nxd5 10. Qc1 f5 11. Bxd5+ Qxd5 12. Bg5 Bxg5 13. Nxg5 Rae8 14. Nc4 f4 15. Ne4 b5 16. Ncd2 Nd4 17. f3 Bh5 18. Nc3 Qc5 19. Kh1 Bg6 20. Nb3 Nxb3 21. axb3 Rf6 22. b4 Qxb4 23. Nd5 Qc5 24. Nxf6+ gxf6 25. Qd2 Ra8 26. Qc3 Qd6 27. Qb3+ Bf7 28. Qxb5 c6 29. Qa4 Qc5 30. c4 Be8 31. Qa5 Qd4 32. Qc3 Qc5 33. b4 Qb6 34. c5 Qb7 35. d4 exd4 36. Qxd4 Bg6 37. Qxf4 Rf8 38. Qc4+ Bf7 39. Qg4+ Bg6 40. Qe6+ Rf7 41. Ra6 Qxb4 42. Rxa7 Qxc5 43. Rxf7 Bxf7 44. Qxf6 Qf2 45. Qg5+ Kf8 46. Rc1 Qe2 47. Qc5+ Kg7 48. Qxc6 Bg6 49. Qc3+ Kf8 50. Qh8+ Ke7 51. Qg7+ Bf7 52. Qxh7 Qd2 53. Qe4+ Kf8 54. Re1 Kg8 55. Qe3 Qb2 56. g4 Qb4 57. h4 Qd6 58. Qg5+ Kf8 59. Qe5 Qd3 60. Qh8+ Bg8 61. Qh6+ Kf7 62. Qf4+ Kg7 63. Re7+ Kh8 64. Qf6# 1-0

[Event "CYCC U12 w"]
[Site "Ottawa CAN"]
[Date "2013.07.10"]
[Round "1"]
[White "Wang, Constance"]
[Black "Gillan, Rahma"]
[Result "1-0"]
[WhiteElo "1660"]
[BlackElo "1076"]
[PlyCount "59"]
[GameId "2160767909326480"]
[EventDate "2013.07.10"]
[EventType "swiss"]
[EventRounds "6"]
[EventCountry "CAN"]
[SourceTitle "EXT 2022"]
[Source "ChessBase"]
[SourceDate "2021.10.06"]
[SourceVersion "1"]
[SourceVersionDate "2021.10.06"]
[SourceQuality "1"]

1. e4 e5 2. f4 Nc6 3. Nf3 d6 4. Bc4 Nf6 5. Nc3 Be6 6. Bb3 Be7 7. O-O O-O 8. d3 a6 9. f5 Bxb3 10. axb3 d5 11. Qe2 d4 12. Nd1 h6 13. Kh1 Nh7 14. Rg1 Ng5 15. Nf2 Nxf3 16. gxf3 Bg5 17. Nh3 Bxc1 18. Raxc1 Kh8 19. Rg3 Rg8 20. Qg2 f6 21. Rg1 Qe7 22. Nf2 Qf7 23. Ng4 Rad8 24. Rh3 Kh7 25. Rh4 Rh8 26. Qh3 Qf8 27. Nxh6 gxh6 28. Rg6 Qg7 29. Rhxh6+ Qxh6 30. Qxh6# 1-0

[Event "CYCC U12 w"]
[Site "Ottawa CAN"]
[Date "2013.07.10"]
[Round "1"]
[White "Yu, Rinna"]
[Black "MacIvor, Kieme"]
[Result "1-0"]
[WhiteElo "1301"]
[BlackElo "878"]
[PlyCount "61"]
[GameId "2160767909326481"]
[EventDate "2013.07.10"]
[EventType "swiss"]
[EventRounds "6"]
[EventCountry "CAN"]
[SourceTitle "EXT 2022"]
[Source "ChessBase"]
[SourceDate "2021.10.06"]
[SourceVersion "1"]
[SourceVersionDate "2021.10.06"]
[SourceQuality "1"]

1. e4 c5 2. Nf3 Nc6 3. Nc3 Nd4 4. d3 Nxf3+ 5. Qxf3 e5 6. Be3 d6 7. g3 Nh6 8. h3 Qb6 9. Rb1 g6 10. Nd5 Qa5+ 11. Nc3 Be6 12. a3 b5 13. Bd2 b4 14. Ne2 Rd8 15. Bg2 d5 16. Qf6 Rg8 17. axb4 cxb4 18. O-O Be7 19. Qxe5 Qc5 20. Bxh6 b3 21. cxb3 Qc2 22. Nd4 Qxd3 23. Nxe6 fxe6 24. Qxe6 dxe4 25. Bxe4 Qe2 26. Qxg8+ Kd7 27. Rfd1+ Kc7 28. Rbc1+ Kb6 29. Qe6+ Kb5 30. Qc6+ Kb4 31. Qa4# 1-0

[Event "CYCC U12 w"]
[Site "Ottawa CAN"]
[Date "2013.07.10"]
[Round "2"]
[White "Gao, Catherine"]
[Black "Ellwood, Sophie"]
[Result "1-0"]
[WhiteElo "1121"]
[BlackElo "977"]
[PlyCount "75"]
[GameId "2160767909326483"]
[EventDate "2013.07.10"]
[EventType "swiss"]
[EventRounds "6"]
[EventCountry "CAN"]
[SourceTitle "EXT 2022"]
[Source "ChessBase"]
[SourceDate "2021.10.06"]
[SourceVersion "1"]
[SourceVersionDate "2021.10.06"]
[SourceQuality "1"]

1. d4 d5 2. c4 c6 3. Nc3 Nf6 4. Nf3 Bg4 5. e3 e6 6. h3 Bh5 7. Be2 Bb4 8. Bd2 Nbd7 9. O-O Bxc3 10. Bxc3 Ne4 11. Bb4 Qf6 12. Nd2 Nxd2 13. Qxd2 Bg6 14. cxd5 cxd5 15. Bf3 Bf5 16. Rac1 Nb6 17. b3 Kd7 18. Rc5 Rhc8 19. Rfc1 Rxc5 20. Rxc5 Rc8 21. Rxc8 Nxc8 22. Qe2 a6 23. Bc5 Ke8 24. Qd2 b6 25. Ba3 Qg5 26. Qc3 Kd7 27. g4 Bg6 28. Qb4 Qe7 29. Qa4+ b5 30. Qxa6 Nd6 31. Qa7+ Kd8 32. Qb8+ Kd7 33. Be2 Qd8 34. Qxd6+ Kc8 35. Qa6+ Kc7 36. Bxb5 f6 37. Qa7+ Kc8 38. Ba6# 1-0

[Event "CYCC U12 w"]
[Site "Ottawa CAN"]
[Date "2013.07.10"]
[Round "2"]
[White "Gillan, Rahma"]
[Black "Lapointe, Cassie"]
[Result "1-0"]
[WhiteElo "1076"]
[BlackElo "962"]
[PlyCount "101"]
[GameId "2160767909326484"]
[EventDate "2013.07.10"]
[EventType "swiss"]
[EventRounds "6"]
[EventCountry "CAN"]
[SourceTitle "EXT 2022"]
[Source "ChessBase"]
[SourceDate "2021.10.06"]
[SourceVersion "1"]
[SourceVersionDate "2021.10.06"]
[SourceQuality "1"]

1. e4 e5 2. Nf3 Nc6 3. Bc4 Nf6 4. d3 d5 5. exd5 Nxd5 6. O-O Qd6 7. Re1 f5 8. Bxd5 Qxd5 9. Nc3 Qe6 10. Bf4 Bd6 11. Nb5 Bd7 12. Qe2 O-O-O 13. Nxd6+ cxd6 14. Bd2 f4 15. Bc3 Qg6 16. Nh4 Qg5 17. Nf3 Bg4 18. Nxg5 Bxe2 19. Rxe2 Rdf8 20. f3 h6 21. Ne4 d5 22. Nd6+ Kd7 23. Nxb7 d4 24. Nc5+ Ke7 25. Bd2 g5 26. Ne4 g4 27. Kf2 gxf3 28. gxf3 Rf7 29. Rg1 Rf5 30. Kf1 Rh5 31. Reg2 Kd7 32. Rg7+ Ne7 33. Nf6+ Ke6 34. Nxh5 Rc8 35. c3 Rb8 36. Bc1 dxc3 37. bxc3 Rb1 38. Kf2 Ra1 39. a3 Ra2+ 40. Ke1 Rxh2 41. Nxf4+ exf4 42. Bxf4 h5 43. Bxh2 Nf5 44. R7g6+ Kd7 45. R6g5 Ne3 46. Rxh5 Nc2+ 47. Kd2 Nxa3 48. Rg7+ Kc6 49. Rg6+ Kb7 50. Rh7+ Kc8 51. Rg8# 1-0